| 000 | 00634nam a22002057a 4500 | ||
|---|---|---|---|
| 999 |
_c898 _d898 |
||
| 003 | AR-CdUCM | ||
| 008 | 190225b ||||| |||| 00| 0 spa d | ||
| 040 |
_aMUNICIPALIDAD PROVINCIAL DEL CUSCO _cBIBLIOTECA MUNICIPAL DEL CUSCO |
||
| 082 |
_a869.56 / _bB25 |
||
| 100 |
_aBarrionuevo Sánchez, Alfonsina. _93176 |
||
| 245 | _aHabla Micaela / | ||
| 260 |
_aLima : _bEdiciones Iberia S.A., _c1976. |
||
| 300 |
_a141 páginas ; _bFotografías, _c20.5 cm |
||
| 650 |
_aMicaela Bastidas _93177 |
||
| 650 |
_aEnsayo histórico _93178 |
||
| 650 |
_aPerú _935 |
||
| 650 |
_aGénero _92365 |
||
| 942 |
_2ddc _cLIBROS |
||
| 945 |
_alccs _d2019-02-25 |
||